The American competitive enterprise system.

Bibliographic Details
Corporate Author: Chamber of Commerce of the United States of America
Format: Book
Language:English
Published: Washington, D.C. : Chamber of Commerce of the United States, 1947.
Subjects:

MARC

Tag First Indicator Second Indicator Subfields
LEADER 00000cam a2200000 a 4500
001 in00003448321
005 20151206103005.0
008 850729s1947 dcu b 00000 eng d
035 |a (OCoLC)ocm12320546 
040 |a GZN  |c GZN  |d TNY  |d UtOrBLW 
043 |a n-us--- 
090 |a HB501  |b .C5 
110 2 |a Chamber of Commerce of the United States of America. 
245 1 4 |a The American competitive enterprise system. 
264 1 |a Washington, D.C. :  |b Chamber of Commerce of the United States,  |c 1947. 
300 |a 24 pages ;  |c 23 cm. 
336 |a text  |b txt  |2 rdacontent 
337 |a unmediated  |b n  |2 rdamedia 
338 |a volume  |b nc  |2 rdacarrier 
504 |a Bibliography: pages 22-24. 
650 0 |a Capitalism. 
651 0 |a United States  |x Economic policy. 
999 |a MARS 
999 f f |s ecb04ae7-f707-33ef-8f00-c3a37cbd6550  |i 2e36c00e-439c-3788-b219-ea877f3b1bb3  |t 0 
952 f f |p ric  |a Texas A&M University  |b Rellis Campus  |c Joint Library Facility  |d Remote Storage  |t 0  |e HB501 .C5  |h Library of Congress classification  |i unmediated -- volume  |m 32060000797262 
998 f f |a HB501 .C5  |t 0  |l Remote Storage